| 000 | 00712nam a22001937a 4500 | ||
|---|---|---|---|
| 003 | 0 | ||
| 005 | 20251021154239.0 | ||
| 008 | 251021b xxu||||| |||| 00| 0 eng d | ||
| 020 | _a978-1-394-27328-7 | ||
| 050 |
_aHD 45 _b.T45 2025 |
||
| 100 |
_aTeitelman, Sara, _eauthor. |
||
| 245 |
_aZen and the art of digital transformation : _bleading a mindful redesign of the digital enterprise / _cSara Teitelman. |
||
| 260 |
_aHoboken, New Jersey : _bJohn Wiley & Sons, Inc., _c2025. |
||
| 300 |
_axvii, 216 pages ; _c24 cm. |
||
| 504 | _aIncludes bibliographical references and index. | ||
| 650 |
_aInformation technology _xManagement. |
||
| 650 |
_aBusiness enterprises _xTechnological innovations. |
||
| 942 |
_2lcc _cBK |
||
| 999 |
_c368320 _d368320 |
||